| 000 | 00389nam a2200157Ia 4500 | ||
|---|---|---|---|
| 008 | 231221s9999 xx 000 0 und d | ||
| 041 | _aEnglish | ||
| 082 | _a001.6424OFF BPB;1 R | ||
| 100 | _aBPB | ||
| 245 | 0 | _aMicrosoft office 2000 complete | |
| 250 | _a1 | ||
| 260 |
_c2002 _bNew Delhi : BPB, |
||
| 300 | _axxxii+1017 | ||
| 650 | _aMicrosoft,office,2000,complete | ||
| 942 | _cBK | ||
| 999 |
_c200131 _d200131 |
||